LEADER 02879nam 2200613 450 001 9910453798503321 005 20200520144314.0 010 $a0-8261-9807-4 035 $a(CKB)2550000001170303 035 $a(EBL)1593878 035 $a(SSID)ssj0001080421 035 $a(PQKBManifestationID)12488168 035 $a(PQKBTitleCode)TC0001080421 035 $a(PQKBWorkID)11069742 035 $a(PQKB)11618132 035 $a(MiAaPQ)EBC1593878 035 $a(Au-PeEL)EBL1593878 035 $a(CaPaEBR)ebr10821820 035 $a(CaONFJC)MIL552190 035 $a(OCoLC)865650891 035 $a(EXLCZ)992550000001170303 100 $a20130906h20142014 uy| 0 101 0 $aeng 135 $aur|n|---||||| 181 $ctxt 182 $cc 183 $acr 200 10$aCompact clinical guide to mechanical ventilation $efoundations of practice for critical care nurses /$fSandra Goldsworthy, RN, MSc, PhD(c), CNCC(C), CMSN(C), Leslie Graham, RN, MN, CNCC(C), CHSE 210 1$aNew York, NY :$cSpringer Publishing Company,$d[2014] 210 4$dİ2014 215 $a1 online resource (178 p.) 225 1 $aCompact clinical guide 300 $aDescription based upon print version of record. 311 $a0-8261-9806-6 311 $a1-306-20939-0 320 $aIncludes bibliographical references and index. 327 $aOxygen therapy -- Mechanical ventilation overview -- Modes of ventilation -- Mechanical ventilation : management at the bedside -- Weaning from the mechanical ventilator -- Long-term mechanical ventilation : implications -- Mechanical ventilation : pharmacology -- International perspectives on mechanical ventilation and future directions. 330 $aThe only book written about mechanical ventilation by nurses for nurses, this text fills a void in addressing high-level patient care and management specific to critical care nurses. Designed for use by practicing nurses, nursing students, and nursing educators, it provides a detailed, step-by-step approach to developing expertise in this challenging area of practice. The guide is grounded in evidence-based research and explains complex concepts in a user-friendly format along with useful tips for daily practice. It has been written based on the authors' many years of teaching students at all 410 0$aCompact clinical guide series. 606 $aRespiratory therapy 606 $aArtificial respiration 608 $aElectronic books. 615 0$aRespiratory therapy. 615 0$aArtificial respiration. 676 $a615.8/362 700 $aGoldsworthy$b Sandra$f1961-$01028544 701 $aGraham$b Leslie$f1956-$01028545 801 0$bMiAaPQ 801 1$bMiAaPQ 801 2$bMiAaPQ 906 $aBOOK 912 $a9910453798503321 996 $aCompact clinical guide to mechanical ventilation$92444583 997 $aUNINA LEADER 01999nam 2200469 450 001 9910154840803321 005 20230810001513.0 010 $a1-63472-253-1 035 $a(CKB)3710000000972091 035 $a(MiAaPQ)EBC5155206 035 $a(EXLCZ)993710000000972091 100 $a20180508d2017 uy 0 101 0 $aeng 135 $aurcnu|||||||| 181 $ctxt$2rdacontent 182 $cc$2rdamedia 183 $acr$2rdacarrier 200 10$aControlling an Ozobot /$fby Amber Lovett 210 1$aAnn Arbor, Michigan :$cCherry Lake Publishing,$d[2017] 210 4$dİ2017 215 $a1 online resource (24 pages) $cillustrations 225 1 $a21st Century Skills Innovation Library. Makers as Innovators 311 $a1-63472-187-X 320 $aIncludes bibliographical references and index. 327 $aWhat is an Ozobot? -- Types of Ozobots -- What are the parts of an Ozobot? -- Starting with Ozobot -- Drawing paths -- Adding turns -- What are Ozocodes? -- Your neighborhood -- Explore with Ozobot. 330 $a"An Ozobot is a small robot designed to follow user-created paths. Through simple text written to foster creativity and problem solving, students will the art of innovation. Large, colorful images show students how to complete activities. Additional tools, including a glossary and an index, help students learn new vocabulary and locate information."--$cProvided by publisher. 410 0$a21st century skills innovation library.$pMakers as innovators. 606 $aRobots$vJuvenile literature 606 $aRobots$xProgramming$vJuvenile literature 606 $aPersonal robotics$vJuvenile literature 615 0$aRobots 615 0$aRobots$xProgramming 615 0$aPersonal robotics 676 $a629.8/92 700 $aLovett$b Amber$01247949 801 0$bMiAaPQ 801 1$bMiAaPQ 801 2$bMiAaPQ 906 $aBOOK 912 $a9910154840803321 996 $aControlling an Ozobot$92894302 997 $aUNINA LEADER 03767nam 22007214a 450 001 9910830017603321 005 20210209195154.0 010 $a1-281-31261-4 010 $a1-78034-117-2 010 $a9786611312619 010 $a1-4051-6665-7 010 $a0-470-99900-4 010 $a0-470-99899-7 035 $a(CKB)1000000000399014 035 $a(EBL)351508 035 $a(OCoLC)430499449 035 $a(SSID)ssj0000290165 035 $a(PQKBManifestationID)11230469 035 $a(PQKBTitleCode)TC0000290165 035 $a(PQKBWorkID)10409083 035 $a(PQKB)11630002 035 $a(MiAaPQ)EBC351508 035 $a(MiAaPQ)EBC4956363 035 $a(Au-PeEL)EBL4956363 035 $a(CaONFJC)MIL131261 035 $a(OCoLC)1027156773 035 $a(PPN)178199656 035 $a(EXLCZ)991000000000399014 100 $a20030220d2004 uy 0 101 0 $aeng 135 $aur|n|---||||| 181 $ctxt 182 $cc 183 $acr 200 04$aThe Blackwell companion to the sociology of families$b[electronic resource] /$fedited by Jacqueline L. Scott, Judith K. Treas, and Martin Richards 205 $a1st ed. 210 $aMalden, MA $cBlackwell Pub.$dc2004 215 $a1 online resource (624 p.) 225 1 $aBlackwell companions to sociology ;$v9 300 $aDescription based upon print version of record. 311 $a1-4051-7563-X 311 $a0-631-22158-1 320 $aIncludes bibliographical references (p. [515]-583) and index. 327 $aThe Blackwell Companion to the Sociology of Families; Contents; List of Contributors; Preface; PART I FAMILIES IN A GLOBALWORLD; 1 Globalization and Western Bias in Family Sociology; 2 Changing European Families: Trends and Issues; 3 Recent Demographic Trends in the US and Implications for Well-Being; 4 Children, Families, States, and Changing Citizenship; 5 Families and Local Communities; PART II LIFE-COURSE PERSPECTIVES ON THE FAMILY; 6 Generations, the Life Course, and Family Change; 7 Children's Families; 8 Aging and the Life Course; 9 Parenting Practices 327 $a10 Time, Through the Life Course, in the FamilyPART III INEQUALITY AND DIVERSITY; 11 Inequality and the Family; 12 Families of the Poor; 13 Social Capital and the Family; 14 Family, the State, and Health Care: Changing Roles in the New Century; 15 Immigrant Families in the US; 16 Immigrant Families in the UK; PART IV CHANGING FAMILY FORMS AND RELATIONSHIPS; 17 Religion, Romantic Love, and the Family; 18 Trends in the Formation and Dissolution of Coupl 330 $aTackling issues relevant to family life today, thisauthoritative Companion shows why studying social change in families is fundamental for understanding the transformations in individual and social life, across the globe. * Contains original essays by expert contributors on a wide range of topics relating to the sociology of families. * Includes coverage of social inequality, parenting practices, children's work, the changing patterns of citizenship, and multi-cultural families. * Gives special attention to European and North American examples. * Discusses previously neglected groups, includin 410 0$aBlackwell companions to sociology ;$v9. 606 $aFamilies$xResearch 606 $aSociology 615 0$aFamilies$xResearch. 615 0$aSociology. 676 $a306.85 676 $a306.85072 701 $aScott$b Jacqueline L$0891743 701 $aTreas$b Judith$0891744 701 $aRichards$b Martin$f1940 Jan. 26-$0891745 801 0$bMiAaPQ 801 1$bMiAaPQ 801 2$bMiAaPQ 906 $aBOOK 912 $a9910830017603321 996 $aThe Blackwell companion to the sociology of families$91991607 997 $aUNINA